000 00211 a2200097 4500
001 13643
100 _aDonaldson F
245 _aEdward (Vol-III)
260 _aNew York
_bT B Lippincott
_c
090 _c10637
_d10637
942 _aNUST-CAE
_cM
_c711
999 _c248716
_d248716